Terénní krizová práce : psychosociální intervenční týmy / Bohumila Baštecká a kolektiv
Record details
- ISBN: 80-247-0708-X
- Physical Description: 299 s. : il. ; 24 cm
- Edition: Vyd. 1.
- Publisher: Praha : Grada, 2005
Content descriptions
| Bibliography, etc. Note: | Obsahuje bibliografii a bibliografické odkazy |
Search for related items by subject
| Subject: | krizové situace krizová intervence psychosociální pomoc crisis situations crisis intervention psychosocial aid |
| Genre: | příručky handbooks and manuals |
Search for related items by series
Available copies
- 1 of 2 copies available at Common Catalog SPOK.
Holds
- 0 current holds with 2 total copies.
Show Only Available Copies
| Location | Call Number / Copy Notes | Barcode | Shelving Location | Status | Due Date |
|---|---|---|---|---|---|
| Jabok Library | SPr-1.2 /B | 424480018435 | Odborná literatura | Available | - |
| Jabok Library | SPr-1.2 /B | 424480018436 | Odborná literatura | Checked out | 08.09.2025 |
| LDR | 01561nam a2200445 a 4500 | ||
|---|---|---|---|
| 001 | 13223 | ||
| 003 | CZ-PrJAB | ||
| 005 | 20200319113225.0 | ||
| 007 | ta | ||
| 008 | 050923s2005 xr a e f 000 0 cze | ||
| 015 | . | ‡acnb001580114 | |
| 020 | . | ‡a80-247-0708-X ‡q(brož.) | |
| 035 | . | ‡a(CZ PrNK)nkc20051580114 | |
| 035 | . | ‡a(OCoLC)85161670 | |
| 040 | . | ‡aABA001 ‡bcze | |
| 072 | 7. | ‡a364-1/-7 ‡xDruhy sociální pomoci a služeb ‡2Konspekt ‡918 | |
| 080 | . | ‡a364.6-022.258 ‡2MRF | |
| 080 | . | ‡a364-782-022.258 ‡2MRF | |
| 080 | . | ‡a364-787.3 ‡2MRF | |
| 080 | . | ‡a(035) ‡2MRF | |
| 100 | 1 | . | ‡aBaštecká, Bohumila, ‡d1955- ‡7xx0000702 ‡4aut |
| 245 | 1 | 0. | ‡aTerénní krizová práce : ‡bpsychosociální intervenční týmy / ‡cBohumila Baštecká a kolektiv |
| 246 | 3 | 0. | ‡aPsychosociální intervenční týmy |
| 250 | . | ‡aVyd. 1. | |
| 260 | . | ‡aPraha : ‡bGrada, ‡c2005 | |
| 300 | . | ‡a299 s. : ‡bil. ; ‡c24 cm | |
| 490 | 1 | . | ‡aPsyché |
| 504 | . | ‡aObsahuje bibliografii a bibliografické odkazy | |
| 650 | 0 | 7. | ‡akrizové situace ‡7ph121963 ‡2czenas |
| 650 | 0 | 7. | ‡akrizová intervence ‡7ph121962 ‡2czenas |
| 650 | 0 | 7. | ‡apsychosociální pomoc ‡7ph314822 ‡2czenas |
| 650 | 0 | 9. | ‡acrisis situations ‡2eczenas |
| 650 | 0 | 9. | ‡acrisis intervention ‡2eczenas |
| 650 | 0 | 9. | ‡apsychosocial aid ‡2eczenas |
| 655 | 7. | ‡apříručky ‡7fd133209 ‡2czenas | |
| 655 | 9. | ‡ahandbooks and manuals ‡2eczenas | |
| 830 | 0. | ‡aPsyché (Grada) | |
| 910 | . | ‡aABG312 | |
| 995 | . | ‡aska | |
| 901 | . | ‡a13223 ‡bCZ PrNK ‡c13223 ‡tbiblio | |